000 01275nam a2200313 i 4500
001 195964
003 ES-MaACL
005 20250412063057.0
008 240804s2023 sp ||||| |||| 00| 0 spa d
017 _aAL 1077-2023
_bOficina Depósito Legal Almería
020 _a9788412490381
040 _cEs-MaACL
100 _9237594
_aCobo Minguela, Maribel
_eaut
245 _aEran demasiados y otros relatos /
_cMaribel Cobo Minguela ; Marina Diez Minguela ; ilustración de cubierta de Sofía López Ayuso
250 _aPrimera edición: abril de 2023
260 _aAlmería :
_bHilatura estudio editorial,
_c2023.
300 _a185 pág. :
_c22 cm.
336 _2rdacontent
_aTexto
337 _2rdamedia
_asin mediación
338 _2rdacarrier
_avolumen
700 _aDiez Minguela, Marina
_eaui
_9240019
700 _aLópez Ayuso, Sofía
_eill
_9240020
852 _aES-MaACL
_bR.154476
_cDEPOJ
_jN-9094
_hDonación: Maribel Cobo Minguela
_xEncuadernación rústica con solapas
_9204996
_gDedicatoria autógrafa de la autora
903 _9237594
_aCobo Minguela, Maribel
_ednr
942 _cMONOGRAFIA
_n0
999 _c195964
_d195964